000 00872nam a2200241Ia 4500
003 OSt
005 20220923223947.0
006 a|||||r|||| 00| 0
007 ta
008 220922b |||||||| |||| 00| 0 hin d
024 _a223,656
037 _cTextual
040 _aARTS
_cARTS
_bhin
041 _2hin
_ahin
082 _aP152:g, 152P4
100 _aदीक्षित, सूर्यप्रसाद
245 0 _aभाषा - प्रौद्योगिकी एवं भाषा - प्रबंधन
246 _aBhāṣhā - praudyogikī evan bhāṣhā - prabandhana
260 _aनयी दिल्ली
_b किताबघर प्रकाशन
_c2004
300 _a280पृ.
_ccm.
942 _hP152:g, 152P4
_cTEXL
_2CC
999 _c368427
_d368427